50 Biggest Cities in UK - Statistics

General Stats
  • This quiz has been taken 75 times
  • The average score is 30 of 50
Answer Stats
Population City % Correct
8.800.000 London
97%
1.100.000 Birmingham
94%
630.000 Glasgow
94%
470.000 Manchester
94%
510.000 Liverpool
92%
430.000 Bristol
90%
540.000 Leeds
89%
290.000 Newcastle
87%
250.000 Southampton
84%
350.000 Cardiff
83%
300.000 Nottingham
83%
500.000 Sheffield
83%
200.000 Aberdeen
78%
280.000 Brighton and Hove
76%
410.000 Leicester
75%
170.000 Swansea
75%
140.000 York
75%
390.000 Belfast
73%
270.000 Kingston
71%
270.000 Plymouth
71%
150.000 Cambridge
70%
170.000 Oxford
70%
270.000 Derby
68%
200.000 Norwich
68%
200.000 Reading
68%
220.000 Portsmouth
65%
170.000 Sunderland
63%
340.000 Coventry
62%
260.000 Stoke on Trent
60%
230.000 Wolverhampton
60%
150.000 Ipswich
59%
150.000 Dundee
57%
150.000 Middlesbrough
56%
240.000 Northampton
56%
330.000 Bradford
52%
230.000 Luton
52%
200.000 Bournemouth
48%
190.000 Peterborough
48%
180.000 Bolton
44%
200.000 Milton Keynes
40%
180.000 Southend
38%
140.000 Huddersfield
35%
180.000 Swindon
29%
130.000 Watford
29%
140.000 Poole
27%
170.000 Slough
14%
170.000 Warrington
14%
160.000 Telford
13%
150.000 Blackspool
0%
160.000 Kingswood
0%
No matching quizzes found
Score Distribution
Percent of People with Each Score
Percentile by Number Answered
Your Score History
You have not taken this quiz